Responses for Show #2761 - Monday, September 9, 1996

Contestants

[<< previous game]

Steve Toigo, a contracts administrator from Rockville, Maryland

Tim McCoy, an executive chef from Cleveland Heights, Ohio

Robert Daguillard, a doctoral candidate originally from Montreal, Canada

[next game >>]

Jeopardy! Round responses

MYTHOLOGICAL MONSTERS
HISTORY
SPORTS '96
ROCKS & MINERALS
ANNUAL EVENTS
DONALD DUCK
    $100 2
fire

Steve
    $100 1
Cook

Tim
    $100 7
Magic Johnson

Robert
    $100 25
coal

Steve
    $100 19
Austin

Robert
    $100 16
the Academy Award

Tim
    $200 12
Medusa

Tim
    $200 3
Gandhi

Tim
    $200 8
the Daytona 500

Robert
    $200 26
stalactite

Steve
    $200 20
Lewis & Clark

Tim
    $200 17
Daisy

Tim
    $300 13
Scylla

Tim
    $300 4
Idi Amin

Tim
    $300 9
the Dallas Cowboys

Robert
    $300 27
borax

Steve
    $300 21
(Tim: What is Philadelphia?)

Salt Lake City

Tim
Triple Stumper
    $300 18
Huey, Louie & Dewey

Robert
    $400 14
the Hydra

Triple Stumper
    $400 5
Frederick the Great

Tim
    $400 10
Baltimore

Tim
    $400 28
tin

Steve
    $400 22
Memphis

Robert
    $400 24
Italy

Steve
    $500 15
Argus

Tim
    $500 6
(Robert: What is Cambodia?)
(Alex: Be more specific.)

the Khmer Empire

Robert
    $500 11
Dennis Rodman

Robert
    $500 29
(Steve: What is Michigan?)

Germany

Steve
Triple Stumper
    $500 23
(Robert: What is Christmas?)

Easter

Robert
    $500 30
Uncle $crooge

Robert

Scores at the first commercial break (after clue 15):

Robert Tim Steve
$1,600 $2,400 $100

Scores at the end of the Jeopardy! Round:

Robert Tim Steve
$2,400 $2,600 $1,000

Double Jeopardy! Round responses

OFF WITH THEIR HEADS!
AUTHORS
WORLD GEOGRAPHY
HOLLYWOOD FAMILIES
ART
INVENTORS
    $200 10
St. John the Baptist

Robert
    $200 9
Truman Capote

Tim
    $200 1
Greenland

Robert
    $200 21
(Robert: Who is Beatrice?)

Venus

RobertTim
    $200 6
Robert Fulton

Steve
    $400 11
Anne Boleyn

Robert
    $400 12
Edgar Rice Burroughs

Robert
    $400 2
(Steve: What is Hunan?)

Manchuria

RobertSteve
    $400 22
Cubism

Robert
    $400 7
Yale

Steve
    $600 16
the doge

Steve
    $600 13
Franz Kafka

Robert
    $600 3
Nicosia

Tim
    $600 23
(Alex: We have a minute to go.)

van Gogh

Robert
    $600 8
World War I

Robert
    $800 19
(Steve: What is China?)

Panama

Steve
Triple Stumper
    $800 14
Graham Greene

Triple Stumper
    $1,600 4
Calais

Tim
    $800 27
[The end-or-round signal sounds.]

Diane Ladd

Triple Stumper
    $800 24
Alexander Calder

Triple Stumper
    $800 17
(Louis) Daguerre

Tim
    $1000 20
Vlad Tepes

Tim
    $1000 15
(R.L.) Stine

Tim
    $1000 5
Lake Titicaca

Steve
    $1000 26
The Jazz Singer

Robert
    $2,400 25
(Robert: What is pointillism?)
...
(Alex: The painting was called, Impression, Sunrise, by Monet.)

Impressionism

Robert
    $1000 18
Thomas Alva Edison

Triple Stumper

Scores at the end of the Double Jeopardy! Round:

Robert Tim Steve
$4,600 $8,000 $2,000

[wagering suggestions for these scores]

Final Jeopardy! Round responses

AMERICANA
(Alex: It was made out to the Russian minister in America; he cashed it and went out on a big binge.)
SteveWhat is Louisiana Purchase?
$1,999
RobertWhat is the Louisiana Purchase
$4,500
TimWhat is the Louisiana Purchase?
$3,999
the Alaska Purchase

Final scores:

Robert Tim Steve
$100 $4,001 $1
2nd place: trip to Bahamas & stay at Bahamas Princess Resort and Casino + GameTek Jeopardy! New champion: $4,001 3rd place: Go Video dual deck VCR + GameTek Jeopardy!

Game dynamics:

Coryat scores:

Robert Tim Steve
$7,500 $7,200 $2,000
19 R,
3 W
(including 2 DDs)
18 R
(including 1 DD),
1 W
10 R,
3 W

Combined Coryat: $16,700

[game clues] [game scores] [suggest correction]

Game tape date: 1996-08-07
The J! Archive is created by fans, for fans. Scraping, republication, monetization, and malicious use prohibited; this site may use cookies and collect identifying information. See terms. The Jeopardy! game show and all elements thereof, including but not limited to copyright and trademark thereto, are the property of Jeopardy Productions, Inc. and are protected under law. This website is not affiliated with, sponsored by, or operated by Jeopardy Productions, Inc. Join the discussion at JBoard.tv.